• 首页
  • 本馆介绍
  • 公告通知
  • 最新文献
  • 馆藏检索
  • 电子资源
  • 读者导购
  • 参考咨询
  • 我的图书馆
  • 登录
  • 详细信息显示
  • 放入我的书架
  • 预约/预借图书
  • 作者相关作品
  • 分类相关作品
  • 丛书相关作品
  • 出版社相关作品

书目信息

  • 表格格式
  • 工作单格式
  • 卡片格式
题名:
弗洛伊德传
    
 
作者: 孙立军 主编
分册:  
出版信息: 南昌   江西教育出版社  2018
页数: 178页
开本: 21cm
丛书名: 名人励志传记丛书
单 册:
中图分类: K835.216.2=51
科图分类:
主题词:
电子资源:
ISBN: 978-7-5705-0492-3
000 00934nam0 2200265 450
001 438820
005 20140102134311.0
010    @a978-7-5705-0492-3@dCNY36.00
099    @aCAL 012019033872
100    @a20190327d2018 em y0chiy50 ea
101 0  @achi
102    @aCN@b360000
105    @aa z 000yb
106    @ar
200 1  @a弗洛伊德传@Afu luo yi de zhuan@b专著@dFreud@f孙立军主编@zeng
210    @a南昌@c江西教育出版社@d2018
215    @a178页@c图@d21cm
225 1  @a名人励志传记丛书
330    @a本书介绍了20世纪最伟大的心理学家之一弗洛伊德选择事业,创建精神分析论的过程,解析弗洛伊德的个人生活、学术思想与治疗案例,客观概括他的功与过,展现出他成为精神分析之父的完整历程。
510 1  @aFreud@zeng
600  0 @c(Freud, Sigmmund@a弗洛伊德@f1856-1939)@x传记
690    @aK835.216.2=51@v5
701  0 @a孙立军@ASun Lijun@f1964-@4主编
801  0 @aCN@b上海新华@c20191020
905    @b1186566-9@dK835.216.2=51@e1070@f4
    
    弗洛伊德传=Freud/孙立军主编.-南昌:江西教育出版社,2018
    178页:图;21cm.-(名人励志传记丛书)
    
    
    ISBN 978-7-5705-0492-3:CNY36.00
    本书介绍了20世纪最伟大的心理学家之一弗洛伊德选择事业,创建精神分析论的过程,解析弗洛伊德的个人生活、学术思想与治疗案例,客观概括他的功与过,展现出他成为精神分析之父的完整历程。
●
相关链接 在E读中查询图书 在五车中查询图书 在当当中查询图书 在豆瓣中查询图书


正题名:弗洛伊德传     索取号:K835.216.2=51/1070         预约/预借

序号 登录号 条形码 馆藏地/架位号 状态 备注
1 1186566   211865668   第二样本阅览室/ [索取号:K835.216.2=51/1070] 在馆    
2 1186567   211865677   第二借阅区/ [索取号:K835.216.2=51/1070] 在馆    
3 1186568   211865686   第二借阅区/ [索取号:K835.216.2=51/1070] 在馆    
4 1186569   211865695   第二借阅区/ [索取号:K835.216.2=51/1070] 在馆    
唐山师范学院图书馆 欢迎您!
大连网信软件有限公司© 版权所有